The unified modeling language : Reference manual (Record no. 166485)

MARC details
000 -LEADER
fixed length control field 00443nam a2200145Ia 4500
008 - FIXED-LENGTH DATA ELEMENTS--GENERAL INFORMATION
fixed length control field 231217s9999 xx 000 0 und d
041 ## - LANGUAGE CODE
Language code of text/sound track or separate title English
082 ## - DEWEY DECIMAL CLASSIFICATION NUMBER
Classification number 001.6424UML RUM `R'
100 ## - MAIN ENTRY--PERSONAL NAME
Personal name Rumbaugh, James. Jacobson, Ivan. Booch, Grady.
245 #4 - TITLE STATEMENT
Title The unified modeling language : Reference manual
260 ## - PUBLICATION, DISTRIBUTION, ETC.
Date of publication, distribution, etc. 1999
Name of publisher, distributor, etc. Massachusetts : Addison-Wesley,
300 ## - PHYSICAL DESCRIPTION
Extent xvii+550
650 ## - SUBJECT ADDED ENTRY--TOPICAL TERM
Topical term or geographic name entry element UML Unified modeling language
942 ## - ADDED ENTRY ELEMENTS (KOHA)
Koha item type Books
Holdings
Date last seen Total checkouts Full call number Accession number Cost, total (INR) price Price effective from Category Lost status Damaged status Department Withdrawn status Home library Current library Entry date Vendor Cost, normal purchase price Grants Billnumber Billdate Currency symbol Conversion rate Discount Old discount Date due Date last checked out Public note
26/01/2024   001.6424UML RUM `R' 13468 378.90 26/01/2024 Books     Central Library   Central Library Central Library 08/09/1999 Sai Books 445.76 CS 798 07/01/2002 RS 1 66.86 15      
01/04/2024 1 001.6424UML RAM;1 `R1' 15155 379.74 26/01/2024 Books     Central Library   Central Library Central Library 08/05/2000   446.75 CS 153 13/03/2003 RS 1 67.01 15 24/08/2001 01/04/2024 Issued to MCA/3219/Prabhu Salimath
26/01/2024   001.6424UML RAM;2 15156 379.85 26/01/2024 Books     Central Library   Central Library Central Library 08/05/2000   9.95 CS 153 13/03/2003 RS 44.9 1.49 15      
26/01/2024   001.6424UML RUM;1`R1' 16407 382.53 26/01/2024 Books     Central Library   Central Library Central Library 03/11/2000 Sai Books 450.04 MCA 1044 17/11/2003 RS 1 67.51 15      
26/01/2024   001.6424UML RUM;2 ' R' 16408 382.53 26/01/2024 Books     Central Library   Central Library Central Library 03/11/2000 Sai Books 450.04 MCA 1044 17/11/2003 RS 1 67.51 15      
26/01/2024   001.6424UML RUM;3 16409 382.65 26/01/2024 Books     Central Library   Central Library Central Library 03/11/2000 Sai Books 9.95 MCA 1044 17/11/2003 USD 45.23 1.49 15      

© For any Suggestions or Query, please contact the library staff @ librarian@pes.edu or Phone: +9180 2672 1983/ 2108.